The 100 Greatest Composers - Statistics

General Stats
  • This quiz has been taken 231 times
  • The average score is 38 of 100
Answer Stats
Nationality Answer % Correct
Austrian Wolfgang Amadeus Mozart
91%
German Johann Sebastian Bach
90%
German Ludwig van Beethoven
88%
Polish Frederic Chopin
84%
German Johannes Brahms
77%
Italian Antonio Vivaldi
75%
Hungarian Franz Liszt
75%
Russian Peter Ilyich Tchaikovsky
73%
Italian Giuseppe Verdi
71%
German Richard Wagner
70%
German George Frideric Handel
69%
Russian Igor Stravinsky
69%
French Claude Debussy
67%
Austrian Joseph Haydn
67%
Austrian Franz Schubert
66%
Czech Antonín Dvořák
65%
Norwegian Edvard Grieg
65%
Russian Sergei Rachmaninoff
65%
Finnish Jean Sibelius
64%
German Richard Strauss
64%
English Ralph Vaughan Williams
63%
Italian Giacomo Puccini
62%
German Robert Schumann
62%
Austrian Johann Strauss II
61%
French Maurice Ravel
60%
Russian Nikolai Rimsky-Korsakov
59%
English Edward Elgar
58%
American Aaron Copland
57%
Russian Dmitri Shostakovich
57%
German Felix Mendelssohn
57%
French Georges Bizet
57%
American John Williams
57%
Austrian Gustav Mahler
56%
Hungarian Béla Bartók
53%
German Fanny Mendelssohn
52%
American George Gershwin
52%
Russian Serge Prokofiev
51%
French Camille Saint-Saëns
49%
American Leonard Bernstein
49%
Czech Bedrick Smetana
45%
Russian Modest Mussorgsky
45%
English Benjamin Britten
44%
Italian Claudio Monteverdi
44%
English Henry Purcell
43%
French Hector Berlioz
41%
French Erik Satie
40%
English Gustav Holst
39%
Russian Alexander Borodin
38%
French Gabriel Fauré
38%
German Georg Philipp Telemann
36%
American Samuel Barber
36%
Austrian Anton Bruckner
35%
Armenian Aram Khachaturian
35%
Czech Leos Janácek
35%
American John Cage
34%
German Hans Zimmer
33%
Italian Gaetano Donizetti
32%
Italian Domenico Scarlatti
31%
Spanish Manuel de Falla
30%
Italian Vincenzo Bellini
30%
French Jean-Baptiste Lully
29%
French Jules Massenet
28%
Austrian Arnold Schoenberg
27%
Russian Mikhail Glinka
27%
Russian Alexander Scriabin
26%
Brazilian Heitor Villa-Lobos
26%
Austrian Alban Berg
25%
American Philip Glass
25%
Belgian César Franck
24%
French Charles Gounod
23%
Italian Arcangelo Corelli
22%
Italian Giovanni Pierluigi da Palestrina
21%
English William Byrd
21%
French Olivier Messiaen
19%
Italian Tomaso Albinoni
19%
Italian Luigi Boccherini
16%
Italian Ennio Morricone
15%
English Thomas Tallis
14%
American Danny Elfman
12%
Austrian Erich Korngold
12%
Polish Krzysztof Penderecki
9%
French Pierre Boulez
9%
English Arthur Sullivan
8%
Japanese Toru Takemitsu
8%
American Alan Silvestri
6%
Canadian Howard Shore
6%
American James Horner
6%
English John Barry
6%
French Josquin des Prez
6%
Italian Nino Rota
6%
American Bernard Herrmann
4%
Italian Giovanni Gabrieli
4%
Georgian Giya Kancheli
4%
American Jerry Goldsmith
4%
French Maurice Jarre
4%
American Thomas Newman
4%
German Carl Maria von Weber
3%
Greek Mikis Theodorakis
3%
French Alexandre Desplat
2%
Azerbaijani Uzeyir Hajibeyov
1%
No matching quizzes found
Score Distribution
Percent of People with Each Score
Percentile by Number Answered
Your Score History
You have not taken this quiz